In defence of self-determination / (Record no. 42803)

MARC details
000 -LEADER
fixed length control field 00768nam a22002297a 4500
005 - DATE AND TIME OF LATEST TRANSACTION
control field 20100821105358.0
010 ## - LCCN (DPL NO)
LC control number ENG-101212
020 ## - INTERNATIONAL STANDARD BOOK NUMBER
Terms of availability 30.00
International Standard Book Number 9788189524470
035 ## - SYSTEM CONTROL NUMBER
System control number EN-84745
037 ## - SOURCE OF ACQUISITION
Source of stock number/acquisition DBAD/PUB
082 ## - DEWEY DECIMAL CLASSIFICATION NUMBER
Classification number 808.803556
100 ## - MAIN ENTRY--PERSONAL NAME
Personal name Philpott, Daniel
245 ## - TITLE STATEMENT
Title In defence of self-determination /
Statement of responsibility, etc by Daniel Philpott
260 ## - PUBLICATION, DISTRIBUTION, ETC. (IMPRINT)
Place of publication, distribution, etc New Delhi
Name of publisher, distributor, etc Critical Quest
Date of publication, distribution, etc 2009
270 ## - ADDRESS
Address 420, G-Block, Phase VI Aya Nagar
City New Delhi
Postal code 110047
300 ## - PHYSICAL DESCRIPTION
Extent 40 p.
Dimensions 22cm (Pbk)
650 ## - SUBJECT ADDED ENTRY--TOPICAL TERM
Topical term or geographic name as entry element Social Issves
700 ## - ADDED ENTRY--PERSONAL NAME
9 (RLIN) 15693
700 ## - ADDED ENTRY--PERSONAL NAME
9 (RLIN) 15729
942 ## - ADDED ENTRY ELEMENTS (KOHA)
Source of classification or shelving scheme Dewey Decimal Classification
Item type English Books
Call number suffix PHI
Classification part 808.803556
Holdings
Withdrawn status Lost status Not for loan Collection code Home library Current library Date acquired Cost, normal purchase price Full call number Barcode Copy number Cost, replacement price Koha item type
    Not For Loan Non-fiction D.B.Act.Division D.B.Act.Division 21/08/2010 30.00 808.803556 PHI EN-84745 1 30.00 English Books

© Delhi Public Library
Hit Counter
free hit counter